| 000 | 01277nam a2200253 i 4500 | ||
|---|---|---|---|
| 003 | EG-ScBUE | ||
| 005 | 20240221152133.0 | ||
| 008 | 100418s1991 ua f 000 0 ara d | ||
| 017 | _a1991 / 4551 | ||
| 040 |
_aEG-ScBUE _bara _erda _cEG-ScBUE _dEG-ScBUE |
||
| 043 |
_aa-ku--- _aa-iq--- |
||
| 082 | 0 | 4 |
_222 _a956.70442 _bج ر ي |
| 245 | 0 | 0 |
_aجريمة غزو العراق للكويت : _bأحداث ووثائق : سجل للوقائع اليومية للغزو والاحتلال من 2 أغسطس 1990- 1 مارس 1991/ _cإعداد إدارة الثقافة والنشر، المركز الإعلامي الكويتي، القاهرة. |
| 250 | _aطبعة مزيدة ومنقحة. | ||
| 264 | 1 |
_aالقاهرة : _bالمركز الإعلامي الكويتي، إدارة الثقافة والنشر، _c[1991] |
|
| 300 |
_a633 صفحة ؛ _c23 سم |
||
| 336 |
_2rdacontent _aنص _btxt |
||
| 337 |
_aبدون وسيط _2rdamedia _bn |
||
| 338 |
_aمجلد _bnc _2rdacarrier |
||
| 651 | 7 |
_aالعراق _xتاريخ _yالعصر الحديث _yاحتلال الكويت (1990-1991). _2BUEsh |
|
| 651 | 7 |
_aالكويت _xتاريخ _yالعصر الحديث _yالاحتلال العراقي (1990-1991). _2BUEsh |
|
| 655 | _vReading book | ||
| 942 |
_2ddc _cBB |
||
| 999 |
_c13903 _d13903 |
||